Zapisane w:
Opis bibliograficzny
1. autor: Rodríguez Coronel, Rogelio
Format: Nieznany
Język:Spanish
Hasła przedmiotowe:
Etykiety: Dodaj etykietę
Nie ma etykietki, Dołącz pierwszą etykiete!

MARC

LEADER 000000000a22000000004500
001 003464
041 0 |a spa 
100 1 |a Rodríguez Coronel, Rogelio 
650 4 |a LITERATURA CUBANA 
650 4 |a POESIA 
650 4 |a REVOLUCION CUBANA 
773 0 |d Cuba : Novela de la Revolución Cubana  |t Revista Matanzas  |g número 14 (1989) 
942 |c ARC 
999 |c 10013  |d 10013